| 000 | 02078nam0a2200361 4500 | ||
|---|---|---|---|
| 001 | RU\NLR\BIBL_A\012158230 | ||
| 005 | 20191224144643.0 | ||
| 010 |
_a978-5-89009-707-1 _950 |
||
| 021 |
_aRU _bКН-П-19-082810 _9КН-П-19-6013 |
||
| 035 | _a(NLR Aleph) 012158230 | ||
| 035 | _a(RuMoRGB)010142591 | ||
| 090 |
_a12177509 _c12177509 |
||
| 100 | _a20191209d2019 u y0rusy50 ca | ||
| 101 | 0 | _arus | |
| 102 | _aRU | ||
| 105 | _aa|||j|||000zy | ||
| 200 | 1 |
_aКоррекция агрессивности подростков посредством телесно-ориентированной терапии _eучебное пособие _fС.Н. Бацунов, Н.А. Александрова _gМинистерство науки и высшего образования Российской Федерации, Федеральное государственное бюджетное образовательное учреждение высшего образования "Норильский государственный индустриальный институт" |
|
| 210 |
_aНорильск _cНГИИ _d2019 |
||
| 215 |
_a68 с. _cил., табл. _d21 |
||
| 320 | _aБиблиогр.: с. 63-66 (50 назв.) | ||
| 606 | 1 |
_aПодростки _jУчебные издания _xАгрессивность _xТелесно-ориентированная психотерапия _92433411 _3RU\NLR\AUTH\6601666366 |
|
| 610 | 0 | _aагрессивность подростков | |
| 610 | 0 | _aкоррекция агрессивности подростков | |
| 686 | 1 | _aЮ983.620.1-81я7 | |
| 686 | 1 | _aР733.64-325я7 | |
| 700 | 1 |
_aБацунов _bС. Н. _gСергей Николаевич |
|
| 701 | 1 |
_7ca _8rus _aАлександрова _bН. А. _cспециалист по физич. воспитанию _gНаталья Анатольевна _9214062 _3RU\NLR\AUTH\770214118 |
|
| 942 | _cBOOK | ||
| 980 | _aNBR | ||
| 980 | _aNB | ||